|
|
|
|
| LEADER |
00000nab a2200000 4500 |
| 001 |
vtls011904617 |
| 003 |
SK-MaSNL |
| 005 |
20260318132810.0 |
| 008 |
191202|2019 xo |||| || ||00 0|hun |
| 015 |
|
|
|a SNBRB2019/11
|
| 040 |
|
|
|a DSZK
|b slo
|c DSZK
|e rda
|
| 041 |
|
|
|a hun
|a slo
|
| 043 |
|
|
|a e-xo---
|
| 044 |
|
|
|a xo
|c SK
|
| 072 |
|
7 |
|a 373.2/.3
|x Predškolská a primárna výchova a vzdelávanie
|2 konspekt
|
| 072 |
|
7 |
|a 028
|x Čítanie
|2 konspekt
|
| 080 |
|
|
|a 373.3(=511.141)(437.6)
|2 2011
|
| 080 |
|
|
|a 028.6
|2 2011
|
| 100 |
1 |
|
|a (k)
|4 aut
|9 425904
|
| 245 |
1 |
0 |
|a Andersen-éjszaka a tejfalusi iskolában
|c [szerző] (k)
|
| 300 |
|
|
|b Fotografie
|
| 336 |
|
|
|a text
|b txt
|2 rdacontent
|
| 337 |
|
|
|a bez média
|b n
|2 rdamedia
|
| 338 |
|
|
|a zväzok
|b nc
|2 rdacarrier
|
| 546 |
|
|
|a Dvojjazyčné vydanie
|
| 610 |
2 |
7 |
|a Základná škola s vyučovacím jazykom maďarským (Mliečno, Slovensko)
|2 dszk
|9 1092990
|
| 611 |
2 |
7 |
|a Noc s Andersenom
|d (2019 :
|c Mliečno, Slovensko)
|2 dszk
|9 1194683
|
| 650 |
0 |
7 |
|a výchova k čítaniu
|2 SNKPH
|9 71630
|
| 651 |
|
7 |
|a Šamorín (Slovensko)
|2 SNKPHgeo
|9 28925
|
| 651 |
|
7 |
|a Mliečno (Šamorín, Slovensko)
|2 snkbucl
|9 69675
|
| 773 |
0 |
|
|t Somorja és vidéke = Šamorín a okolie
|g Évf. XXIX, sz. 11 (2019), o. 8
|x 1338-9068
|
| 852 |
|
|
|a DSZK
|b KIS3GCP
|
| 958 |
|
|
|a SK
|
| 958 |
|
|
|a HU
|
| 958 |
|
|
|a RG
|
| 999 |
|
|
|c 2079053
|d 2080983
|